000 00855naa a2200217 i 4500
001 100137
003 ES-MaBCM
005 20241016135512.0
008 040922s2003 esp 000 0 spa d
021 _axx
035 _a(OCoLC)1365255990
040 _cES-MaBCM
041 0 _aspa
043 _aesp
100 1 _aGuerrero Salom, Enrique
_920655
245 1 0 _aDebates actuales y actualizados sobre la democracia
_cEnrique Guerrero Salom
520 _aEl triunfo de la democracia a comienzos del S.XXI : límites y riesgos. La reactivación del debate entre democracia directa y democracia representativa. Nuevas y viejas propuestas sobre la democracia representativa. Bibliografía
650 2 7 _aDemocracia
_958263
773 0 _aEn:
_tCuadernos de derecho público
_dMadrid : 2003
_gn.18, en.-abr., p. 99-141. - Loc. S.442
_w105466
942 _cAREV
999 _c100137
_d100137